| 000 | 00398nam a2200133Ia 4500 | ||
|---|---|---|---|
| 008 | 210210b1965 xxu||||| |||| 00| 0 eng d | ||
| 082 | _a306.8 SHAS | ||
| 100 | _aSHANAS (Ethel) and STREIB (Gordon F). | ||
| 245 | _aSocial structure and the family: generational relations. | ||
| 260 |
_aNew Jersey. _bPrentice-Hall, Inc., _c1965 |
||
| 300 | _axii,394 | ||
| 690 | _aMarriage & Family | ||
| 906 | _a041071 | ||
| 999 |
_c90995 _d90995 |
||